Quick Pick: Cities in Greece Quiz Stats

 Plays Quiz Updated May 4, 2019

Score 0/12 Timer 01:00
4 Plays Today
% Correct
Athens
99%
Thessaloniki
94.1%
Heraklion
88.5%
Rhodes
87.1%
Alexandroupoli
85.8%
Ioannina
81.3%
Patras
78.6%
Xanthi
74.2%
Volos
69.9%
Larissa
66.1%
Kavala
61.3%
Chalcis
55.1%

Today's Daily Dose

Missing Word
Sherlocks

Word Ladder
King of the Hill

Quick Pick
Songs in Pink

Get the Picture
NBA Teammates

You're not logged in!

Compare scores with friends on all Sporcle quizzes.
OR
Log In

Sporcle TV

Today on Sporcle TV


Watch our educational content, quiz creation guides, and fun videos on Sporcle TV.

Show Comments

Extras

Top Quizzes Today


Score Distribution

Your Account Isn't Verified!

In order to create a playlist on Sporcle, you need to verify the email address you used during registration. Go to your Sporcle Settings to finish the process.

Report this User

Report this user for behavior that violates our Community Guidelines.

Details: